| Registos Bibliográficos associados ao registo de autoridade |
|
Etiqueta de registo: 00000nkm 2200025 450 001 2244864 003 http://id.bnportugal.gov.pt/bib/catbnp/2244864 100 ## $a20260112d1993 m y0pory01030103ba 101 0# $apor 102 ## $aPT 200 1# $aPrograma da Grande Festa Popular da Freguesia do Seixal, 16, 23, 24 e 25 abril 1993$bVisual gráfico]$fCâmara Municipal do Seixal 210 #9 $aSeixal$cCâmara Municipal do Seixal,$d1993 215 ## $a1 cartaz$ccolor.$d42,8x30cm 675 ## $a766(=1:469)"199"(084.5)$vBN$zpor$31975740 710 02 $aCâmara Municipal do Seixal$315976 801 #0 $aPT$bBN$gRPC 966 ## $lBN$mICONOG$sCT. 10515 V.$x1 971 ## $cCaticonografia2$d20260112 995 ## $aPRR2026 $d20260112$iCaticonografia2
Etiqueta de registo: 00000nkm 2200025 450 001 2244858 003 http://id.bnportugal.gov.pt/bib/catbnp/2244858 100 ## $a20260112d1993 m y0pory01030103ba 101 0# $apor 102 ## $aPT 200 1# $aPrograma da Grande Festa Popular da Freguesia de Arrentela, Seixal, 24 e 25 de abril
1993$bVisual gráfico]$fCâmara Municipal do Seixal 210 #9 $aArrentela$cCâmara Municipal do Seixal,$d1993 215 ## $a1 cartaz$ccolor.$d42,8x30cm 675 ## $a766(=1:469)"199"(084.5)$vBN$zpor$31975740 710 02 $aCâmara Municipal do Seixal$315976 801 #0 $aPT$bBN$gRPC 966 ## $lBN$mICONOG$sCT. 10514 V.$x1 971 ## $cCaticonografia2$d20260112 995 ## $aPRR2026 $d20260112$iCaticonografia2
Etiqueta de registo: 00000nkm 2200025 450 001 2244850 003 http://id.bnportugal.gov.pt/bib/catbnp/2244850 100 ## $a20260112d1993 m y0pory01030103ba 101 0# $apor 102 ## $aPT 200 1# $aPrograma da Grande Festa Popular da Freguesia de Paio Pires, 24 abil 1993$bVisual gráfico]$fCâmara Municipal do Seixal 210 #9 $aPaio Pires$cCâmara Municipal do Seixal,$d1993$e:$g) 215 ## $a1 cartaz$ccolor.$d42,7x30cm 675 ## $a766(=1:469)"199"(084.5)$vBN$zpor$31975740 710 02 $aCâmara Municipal do Seixal$315976 801 #0 $aPT$bBN$gRPC 966 ## $lBN$mICONOG$sCT. 10513 V.$x1 971 ## $cCaticonografia2$d20260112 995 ## $aPRR2026 $d20260112$iCaticonografia2
Etiqueta de registo: 00000nkm 2200025 450 001 2244839 003 http://id.bnportugal.gov.pt/bib/catbnp/2244839 100 ## $a20260112d1993 m y0pory01030103ba 101 0# $apor 102 ## $aPT 200 1# $aPrograma da Grande Festa Popular da Freguesia de Amora, Seixal, 24 e 25 abril 1993$bVisual gráfico]$fCâmara Municipal do Seixal 210 #9 $aAmora$cCâmara Municipal do Seixal,$d1993 215 ## $a1 cartaz$ccolor.$d42,8x30,3cm 675 ## $a766(=1:469)"199"(084.5)$vBN$zpor$31975740 710 02 $aCâmara Municipal do Seixal$315976 801 #0 $aPT$bBN$gRPC 966 ## $lBN$mICONOG$sCT. 10512 V.$x1 971 ## $cCaticonografia2$d20260112 995 ## $aPRR2026 $d20260112$iCaticonografia2
Etiqueta de registo: 00000nkm 2200025 450 001 2248947 003 http://id.bnportugal.gov.pt/bib/catbnp/2248947 100 ## $a20260116d1994 m y0pory01030103ba 101 0# $apor 102 ## $aPT 200 1# $aLoja Municipal, espaço jovem, tens pa'troca?, Centro Comercial d'Amora, Câmara Municipal
do Seixal$bVisual gráfico]$fCâmara Municipal do Seixal 210 #9 $aSeixal$cCâmara Municipal do Seixal,$d[D.L. 1994]$eSetúbal :$gRegiset) 215 ## $a1 cartaz$ccolor.$d60,9x42 cm 675 ## $a766(=1:469)"199"(084.5)$vBN$zpor$31975740 710 02 $aCâmara Municipal do Seixal$315976 801 #0 $aPT$bBN$gRPC 966 ## $lBN$mICONOG$sCT. 16037 A.$x1 971 ## $cCaticonografia2$d20260116 995 ## $aPRR2026 $d20260116$iCaticonografia2
Etiqueta de registo: 00000nkm 2200025 450 001 2257521 003 http://id.bnportugal.gov.pt/bib/catbnp/2257521 100 ## $a20260130d1992 m y0pory01030103ba 101 0# $apor 102 ## $aPT 200 1# $aIX Encontro de teatro do Seixal, novembro 1992$bVisual gráfico]$fCâmara Municipal do Seixal$gdesign Vasco Eloy 210 #9 $aSeixal$cCâmara Municipal do Seixal,$d1992 215 ## $a1 cartaz$ccolor.$d64,1x44,6cm 317 ## $aColeção Madeira Luís 675 ## $a766(=1:469)"1992"(084.5)$vBN$zpor$31980773 702 #1 $aEloy,$bVasco$4410$3894853 710 02 $aCâmara Municipal do Seixal$315976 712 02 $aEncontro de Teatro do Seixal,$d9,$eSeixal,$f1992$31993125 801 #0 $aPT$bBN$gRPC 966 ## $lBN$mICONOG$sCT. 18635 A.$x3 971 ## $cCaticonografia2$d20260130 995 ## $aPRR2026 $d20260130$iCaticonografia2
Etiqueta de registo: 00000nkm 2200025 450 001 2269711 003 http://id.bnportugal.gov.pt/bib/catbnp/2269711 100 ## $a20260220d1987 m y0pory01030103ba 101 0# $apor 102 ## $aPT 200 1# $a5.ª seixalíada, jogos concelhios do Seixal, 18 de setembro a 11 de outubro 1987$bVisual gráfico]$fCâmara Municipal do Seixal,$gdesign Albino Moura 210 #9 $aSeixal$cCâmara Municipal do Seixal,$d1987 215 ## $a1 cartaz$ccolor.$d64,2x46 cm 317 ## $aColeção Madeira Luís 702 #1 $aMoura,$bAlbino$4410$31986551 710 02 $aSeixalíada,$d5,$eSeixal,$f1987$31986549 712 02 $aCâmara Municipal do Seixal$315976 801 #0 $aPT$bBN$gRPC 966 ## $lBN$mICONOG$sCT. 21439 A.$x3 971 ## $cCaticonografia6$d20260220 995 ## $aPRR2026 $d20260220$iCaticonografia6
Etiqueta de registo: 00000nkm 2200025 450 001 2269607 003 http://id.bnportugal.gov.pt/bib/catbnp/2269607 100 ## $a20260220d1984 m y0pory01030103ba 101 0# $apor 102 ## $aPT 200 1# $a3.ª seixalíada, jogos concelhios do Seixal, 21 de setembro a 7 de outubro 1984$bVisual gráfico]$fCâmara Municipal do Seixal 210 #9 $aSeixal$cCâmara Municipal do Seixal,$d1984 215 ## $a1 cartaz$ccolor.$d63,9x46cm 317 ## $aColeção Madeira Luís 710 02 $aSeixalíada,$d3,$eSeixal,$f1984$31986513 711 02 $aCâmara Municipal do Seixal$315976 801 #0 $aPT$bBN$gRPC 966 ## $lBN$mICONOG$sCT. 21429 A.$x3 971 ## $cCaticonografia6$d20260220 995 ## $aPRR2026 $d20260220$iCaticonografia6
Etiqueta de registo: 00000nkm 2200025 450 001 2269511 003 http://id.bnportugal.gov.pt/bib/catbnp/2269511 100 ## $a20260220f1982 m y0pory01030103ba 101 0# $apor 102 ## $aPT 200 1# $aMuseu Municipal do Seixal, Câmara Municipal do Seixal$bVisual gráfico]$fCâmara Municipal do Seixal 210 #9 $aSeixal$cCâmara Municipal do Seixal,$d[1982?] 215 ## $a1 cartaz$ccolor.$d67,5x46,8cm 316 ## $aDatação em conformidade com as características formais do documento 317 ## $aColeção Madeira Luís 710 02 $aCâmara Municipal do Seixal$315976 801 #0 $aPT$bBN$gRPC 966 ## $lBN$mICONOG$sCT. 22151 A.$x3 971 ## $cCaticonografia1$d20260220 995 ## $aPRR2026 $d20260220$iCaticonografia1
Etiqueta de registo: 00000nkm 2200025 450 001 2272721 003 http://id.bnportugal.gov.pt/bib/catbnp/2272721 100 ## $a20260226d1984 m y0pory01030103ba 101 0# $apor 102 ## $aPT 200 1# $aFestival de ginástica [do] concelho do Seixal, Pavilhão Siderúrgia Nacional, 20 maio
1984$bVisual gráfico]$fCâmara Municipal do Seixal 210 #9 $aSeixal$cCâmara Municipal do Seixal,$d1984$e[S.l.]:$gGráfica Progressiva de Cacilhas) 215 ## $a1 cartaz$ccolor.$d41x29 cm 317 ## $aColeção Madeira Luís 710 02 $aCâmara Municipal do Seixal$315976 801 #0 $aPT$bBN$gRPC 966 ## $lBN$mICONOG$sCT. 15167 V.$x3 971 ## $cCaticonografia9$d20260226 995 ## $aPRR2026
Etiqueta de registo: 00000nkm 2200025 450 001 2274118 003 http://id.bnportugal.gov.pt/bib/catbnp/2274118 100 ## $a20260302d1985 m y0pory01030103ba 101 0# $apor 102 ## $aPT 200 1# $aSeixal Jazz com o grupo belga Alain Rochetter Trio, Seixal, 11de agosto 1985$bVisual gráfico]$fCâmara Municipal do Seixal 210 #9 $aSeixal$cCâmara Municipal do Seixal,$d1985$eSeixal:$gTip. Popular) 215 ## $a1 cartaz$ccolor.$d43x31cm 317 ## $aColeção Madeira Luís 710 02 $aCâmara Municipal do Seixal$315976 801 #0 $aPT$bBN$gRPC 966 ## $lBN$mICONOG$sCT. 15572 V.$x3 971 ## $cCaticonografia8$d20260302 995 ## $aPRR2026
Etiqueta de registo: 00000nkm 2200025 450 001 2280126 003 http://id.bnportugal.gov.pt/bib/catbnp/2280126 100 ## $a20260313d m y0pory01030103ba 101 0# $apor 102 ## $aPT 200 1# $aComemorações do Dia da Juventude, Os Trovante$bVisual gráfico]$fCâmara Municipal do Seixal$gdesign: Serviços Culturais 210 #9 $aAmora$cCâmara Municipal do Seixal,$d[posterior a 1985]$e[S.l.]:$gGráfica Progressiva de Cacilhas) 215 ## $a1 cartaz$ccolor.$d41x61cm 306 ## $aDatação atribuída em conformidade com as designações institucionais 317 ## $aColeção Madeira Luís 710 02 $aCâmara Municipal do Seixal$315976 801 #0 $aPT$bBN$gRPC 966 ## $lBN$mICONOG$sCT. 24793 A.$x3 971 ## $cCaticonografia5$d20260313 995 ## $aPRR2026
Etiqueta de registo: 00000nkm 2200025 450 001 2281478 003 http://id.bnportugal.gov.pt/bib/catbnp/2281478 100 ## $a20260318d1990 m y0pory01030103ba 101 0# $apor 102 ## $aPT 200 1# $aExposição a Olaria Romana da Quinta do Rouxinol, Moinho de Maré de Corroios (Seixal),
de 16 junho a 29 julho 1990$bVisual gráfico]$fCâmara Municipal do Seixal, Ecomuseu 210 #9 $a[Seixal]$cCâmara Municipal do Seixal,$d1990 215 ## $a1 cartaz$ccolor.$d41,9x29,6 cm 317 ## $aColeção Madeira Luís 710 02 $aCâmara Municipal do Seixal$315976 711 01 $aSeixal.$bEcomuseu Municipal$3104076 801 #0 $aPT$bBN$gRPC 966 ## $lBN$mICONOG$sCT. 16497 V.$x3 971 ## $cCaticonografia5$d20260318 995 ## $aPRR2026
|
|
|